| 000 | 00658nam a2200217Ii 4500 | ||
|---|---|---|---|
| 003 | JO-AjNU | ||
| 008 | 230606s9999||||xx |||||||||||||| ||und|| | ||
| 020 | _a0-07-059771-5 | ||
| 040 |
_aJO-AjNU _beng _erda _cJO-AjNU |
||
| 041 | _aeng | ||
| 050 | 1 | 4 | _aHG506 2006 |
| 100 | 3 |
_aParikh,Parag, _eauthor _91387 |
|
| 245 | 0 | 0 | _aStocks to Richer : Insights on Investor Behaviour |
| 250 | _a2 ed | ||
| 264 | 3 | 1 | _aNew Delhe : Tata Mc Graw Hill Publishing company Limited,2006 |
| 300 |
_a112p _b Includes indexes(p111-112) |
||
| 336 |
_atext _btxt _2rdacontent |
||
| 337 |
_aunmediated _bn _2rdamedia |
||
| 338 |
_avolume _bnc _2rdacarrier |
||
| 650 | 4 |
_aStocks _91388 |
|
| 999 |
_aE732 _c732 _d732 |
||